[Event "Bom Jesus do Itabapoana op 2nd"]
[Site "Bom Jesus do Itabapoana"]
[Date "2022.08.13"]
[Round "4"]
[White "Rabello, Gabriel Urubatan Fr"]
[Black "Santos, Rafael Ventura Dos"]
[Result "0-1"]
[WhiteElo "1703"]
[BlackElo "2145"]
[PlyCount "136"]
[EventDate "2022.08.12"]
[EventType "swiss"]
[EventRounds "5"]
[EventCountry "BRA"]
[SourceTitle "EXT 2024"]
[Source "ChessBase"]
[SourceDate "2023.10.10"]
[SourceVersion "1"]
[SourceVersionDate "2023.10.10"]
[SourceQuality "1"]

1. Nf3 Nf6 2. g3 g6 3. d4 Bg7 4. Bg2 0-0 5. c4 d6 6. 0-0 Nbd7 7. Nc3 c6 8. e4 Qc7 9. Qc2 e5 10. h3 exd4 11. Nxd4 Nc5 12. Be3 a5 13. Rad1 Re8 14. Nde2 Nfd7 15. Bd4 a4 16. f4 Qb6 17. Kh2 Qb4 18. Bxg7 Kxg7 19. Rxd6 Qxc4 20. e5 f6 21. exf6+ Nxf6 22. Rfd1 Bf5 23. Qd2 Nce4 24. Nxe4 Nxe4 25. Bxe4 Rxe4 26. Nc3 Re7 27. g4 Bc8 28. f5 Rf7 29. Qg5 Bxf5 30. gxf5 Rxf5 31. Rd7+ Rf7 32. Qe5+ Kg8 33. Rxf7 Qxf7 34. Ne4 Rf8 35. Ng5 Qf2+ 36. Kh1 h6 37. Qe6+ Kh8 38. Qxg6 hxg5 39. Qh6+ Kg8 40. Qxg5+ Kh7 41. Qh5+ Kg7 42. Rg1+ Kf6 43. Qd1 Qc5 44. Qf3+ Ke6 45. Rg6+ Kd7 46. Qd3+ Kc8 47. Rg2 Qe5 48. Qg3 Rf1+ 49. Kh2 Rf4 50. Qg8+ Rf8+ 51. Qg3 Rf4 52. Rd2 Qf6 53. Qg8+ Kc7 54. Rg2 Kb6 55. Qg3 Rf3 56. Qe1 Qf4+ 57. Kg1 Rxh3 58. Qf2+ Qe3 59. Qxe3+ Rxe3 60. Kf2 Re7 61. Rg4 Kb5 62. a3 c5 63. Rh4 Re5 64. Rf4 Rh5 65. Kg2 Rd5 66. Rf2 Kc4 67. Kf1 Rd1+ 68. Kg2 Kb3 0-1

[Event "Santo Antonio de Jesus Bahia op"]
[Site "Santo Antonio"]
[Date "2022.07.08"]
[Round "3"]
[White "Medeiros, Thauane Ferreira"]
[Black "Rabello, Gabriel Urubatan Fr"]
[Result "1/2-1/2"]
[WhiteElo "1889"]
[BlackElo "1680"]
[PlyCount "127"]
[EventDate "2022.07.07"]
[EventType "swiss"]
[EventRounds "6"]
[EventCountry "BRA"]
[SourceTitle "CBM 209 Extra"]
[Source "ChessBase"]
[SourceDate "2022.09.30"]
[SourceVersion "1"]
[SourceVersionDate "2022.09.30"]
[SourceQuality "1"]

1. d4 Nf6 2. Bf4 c5 3. e3 e6 4. c3 Nc6 5. Nd2 d5 6. Bd3 Bd6 7. dxc5 Bxf4 8. exf4 Qc7 9. g3 e5 10. fxe5 Nxe5 11. Bb5+ Bd7 12. Bxd7+ Nfxd7 13. Nb3 Nxc5 14. Nxc5 Qxc5 15. Nf3 0-0 16. Nxe5 Rae8 17. Qd4 Qd6 18. 0-0 Rxe5 19. Rfe1 Rxe1+ 20. Rxe1 b6 21. Re5 Qh6 22. f4 Qg6 23. Re1 Qc2 24. Qf2 Qd3 25. Qe2 Qc4 26. Qxc4 dxc4 27. Re7 g6 28. Rxa7 Rd8 29. b3 Rd1+ 30. Kf2 Rd3 31. Rc7 b5 32. Rb7 Rxc3 33. Rxb5 Rc2+ 34. Ke3 cxb3 35. axb3 Rxh2 36. Rb7 h5 37. b4 Rb2 38. b5 Kf8 39. Rb8+ Ke7 40. b6 Rb3+ 41. Kf2 Kd7 42. b7 f5 43. Rg8 Rxb7 44. Rxg6 Rb2+ 45. Kf3 Ke7 46. Rh6 Rb3+ 47. Kg2 Rb2+ 48. Kh3 Rb1 49. Kh4 Rh1+ 50. Kg5 Rh3 51. Kxf5 Rxg3 52. Rxh5 Rg7 53. Rh6 Kf7 54. Ra6 Kg8 55. Ra8+ Kh7 56. Rf8 Rb7 57. Rf6 Rb5+ 58. Kg4 Kg7 59. Rc6 Rb1 60. Kf5 Rb5+ 61. Ke6 Kg6 62. Rd6 Rc5 63. Rd4 Rb5 64. Rd5 1/2-1/2

[Event "Rio de Janeiro op"]
[Site "Rio de Janeiro"]
[Date "2022.04.24"]
[Round "6"]
[White "Miranda Pereira, Emmanuel"]
[Black "Rabello, Gabriel Urubatan Fr"]
[Result "0-1"]
[WhiteElo "1548"]
[BlackElo "1744"]
[PlyCount "70"]
[EventDate "2022.04.21"]
[EventType "swiss"]
[EventRounds "6"]
[EventCountry "BRA"]
[SourceTitle "EXT 2023"]
[Source "ChessBase"]
[SourceDate "2022.10.05"]
[SourceVersion "1"]
[SourceVersionDate "2022.10.05"]
[SourceQuality "1"]

1. d4 Nf6 2. Nf3 g6 3. c4 Bg7 4. Nc3 d5 5. Bf4 c6 6. h3 a6 7. a4 0-0 8. a5 Ne4 9. e3 Bf5 10. Be2 Nxc3 11. bxc3 c5 12. 0-0 Nc6 13. cxd5 Qxd5 14. Ra4 cxd4 15. Bc4 Qd8 16. cxd4 Nxa5 17. Be2 Rc8 18. Bd3 Bxd3 19. Qxd3 Ra8 20. Ne5 b5 21. Ra2 f6 22. Nf3 Nc4 23. Rfa1 e5 24. Bh2 f5 25. Qb3 exd4 26. exd4 Bxd4 27. Nxd4 Qxd4 28. Rd1 Qg7 29. Rd6 Qe7 30. Bf4 Rf6 31. Rd5 Qe4 32. Rd6 Rxd6 33. Bxd6 Qd5 34. Bf4 Ne3 35. Qb2 Qxg2# 0-1

[Event "Rio de Janeiro op"]
[Site "Rio de Janeiro"]
[Date "2022.04.21"]
[Round "2"]
[White "Lage, Pedro Ferreira"]
[Black "Rabello, Gabriel Urubatan Fr"]
[Result "1-0"]
[WhiteElo "2100"]
[BlackElo "1744"]
[PlyCount "63"]
[EventDate "2022.04.21"]
[EventType "swiss"]
[EventRounds "6"]
[EventCountry "BRA"]
[SourceTitle "CBM 207 Extra"]
[Source "ChessBase"]
[SourceDate "2022.05.31"]
[SourceVersion "1"]
[SourceVersionDate "2022.05.31"]
[SourceQuality "1"]

1. Nf3 c5 2. c4 Nf6 3. Nc3 e6 4. d4 cxd4 5. Nxd4 d5 6. cxd5 exd5 7. g3 Nc6 8. Bg2 Bb4 9. 0-0 h6 10. Nxc6 bxc6 11. Qa4 Bxc3 12. Qxc6+ Bd7 13. Qxc3 0-0 14. Rd1 Be6 15. Be3 Rc8 16. Qd4 a5 17. Rac1 Qd7 18. Bxh6 Rxc1 19. Bxc1 Rc8 20. Bg5 Nh7 21. Bf4 Qb5 22. Qd2 a4 23. Be5 Re8 24. Bf3 Rd8 25. Bd4 f6 26. h4 Nf8 27. Rc1 Qd7 28. Qa5 Qe8 29. Rc7 Ra8 30. Qc5 Rd8 31. h5 Bf7 32. Re7 1-0

[Event "Araruama op 1st"]
[Site "Araruama"]
[Date "2021.06.04"]
[Round "2"]
[White "Deus Filho, Joaquim"]
[Black "Rabello, Gabriel Urubatan Fr"]
[Result "1-0"]
[WhiteElo "1920"]
[BlackElo "1792"]
[PlyCount "53"]
[EventDate "2021.06.02"]
[EventType "tourn"]
[EventRounds "6"]
[EventCountry "BRA"]
[SourceTitle "CBM 203 Extra"]
[Source "ChessBase"]
[SourceDate "2021.09.30"]
[SourceVersion "1"]
[SourceVersionDate "2021.09.30"]
[SourceQuality "1"]

1. e4 c5 2. Nf3 d6 3. Bb5+ Bd7 4. a4 a6 5. Bc4 Nc6 6. 0-0 Nf6 7. Re1 Bg4 8. c3 e6 9. h3 Bh5 10. d4 cxd4 11. cxd4 Bxf3 12. gxf3 Rc8 13. Ba2 Be7 14. Nc3 Qb6 15. Ne2 Na5 16. Kh1 Nd7 17. Rb1 Bf6 18. f4 e5 19. Be3 Qb4 20. Bd2 Qb6 21. Bc3 Nc4 22. Qd3 Na5 23. dxe5 Bh4 24. Bd4 Nc5 25. Qf3 Qc6 26. Bd5 Qxa4 27. Qg4 1-0